00422nam a2200157Ia 4500100001600000650001200016942000700028654001100035245004100046260002600087082001000113300000800123546001200131999001700143952010400160 aSemyonov/L  aGeneral cBK aManual aStorage Batteries Maintenance Manual bMir Publishersc1961 a621.3 a271 aENGLISH c21902d21902 001040708AFTaCRCEbCRCEd2023-03-17g8.60l0o621.3 pAFT1134r2023-03-17v8.60w2023-03-17yBK